| 000 | 00361 a2200157 4500 | ||
|---|---|---|---|
| 001 | 62580 | ||
| 020 | _a8573120851 | ||
| 040 | _cAnchieta - Pituba | ||
| 100 | _aCoutinho, Elsimar | ||
| 240 | 1 | 0 |
_aMenstruação, a sangria inútil _lpor |
| 245 | 1 | 0 | _aMenstruação, a sangria inútil |
| 300 | _a173 | ||
| 362 | 0 | _a1996 | |
| 650 | 4 | _aMenstruação | |
| 942 | _cBK | ||
| 999 |
_c62580 _d62580 |
||